<?xml version="1.0" encoding="UTF-8"?>
<collection xmlns="http://www.loc.gov/MARC21/slim">
 <record>
  <leader>01845nam a2200205Ia 4500</leader>
  <controlfield tag="001">TDMU_37802</controlfield>
  <controlfield tag="008">210410s9999    xx            000 0 und d</controlfield>
  <datafield tag="082" ind1=" " ind2=" ">
   <subfield code="a">658.8343</subfield>
  </datafield>
  <datafield tag="090" ind1=" " ind2=" ">
   <subfield code="b">TR312</subfield>
  </datafield>
  <datafield tag="100" ind1=" " ind2=" ">
   <subfield code="a">Trịnh, Văn Dũng</subfield>
  </datafield>
  <datafield tag="245" ind1=" " ind2="0">
   <subfield code="a">Áp dụng độ đo entropy cho bài toán tách đặc trưng của bọt khí trên video và đề xuất kết hợp SVM cho vấn đề tự động theo dõi sục khí tại trạm quan trắc môi trường</subfield>
  </datafield>
  <datafield tag="245" ind1=" " ind2="0">
   <subfield code="c">Trịnh Văn Dũng; TS. Hoàng Mạnh Hà (hướng dẫn)</subfield>
  </datafield>
  <datafield tag="260" ind1=" " ind2=" ">
   <subfield code="a">Bình Dương</subfield>
  </datafield>
  <datafield tag="260" ind1=" " ind2=" ">
   <subfield code="c">2019</subfield>
  </datafield>
  <datafield tag="300" ind1=" " ind2=" ">
   <subfield code="a">52tr</subfield>
  </datafield>
  <datafield tag="520" ind1=" " ind2=" ">
   <subfield code="a">Chuyên ngành: Hệ thống thông tin; Mã số: 8480104; Ý kiến về việc sao chép tài liệu: Đồng ý 100%; Ý kiến về việc sao chép file: Không đồng ý; Thư mục tài liệu tham khảo tr.51-52; Luận văn thạc sĩ. Trường Đại học Thủ Dầu Một; Luận văn gồm có 4 chương: Chương 1. Tổng quan về xử lý và nhận dạng ảnh. Chương 2. Nghiên cứu phương pháp giải quyết bài toán nhận dạng bọt khí. Chương 3. Thực nghiệm và đề xuất ứng dụng phương pháp trích chọn đặc trưng cho bài toán nhận dạng ảnh bọt khí. Chương 4. Thực nghiệm áp dụng phương pháp SVM vào bài toán theo dõi vấn đề sục khí cho bể nuôi vi sinh</subfield>
  </datafield>
  <datafield tag="650" ind1=" " ind2=" ">
   <subfield code="a">Theo dõi sục khí</subfield>
   <subfield code="x">Trạm quan trắc môi trường</subfield>
   <subfield code="x">Trích chọn đặc trưng ảnh</subfield>
  </datafield>
  <datafield tag="700" ind1=" " ind2=" ">
   <subfield code="a">Hoàng, Mạnh Hà</subfield>
  </datafield>
  <datafield tag="856" ind1=" " ind2=" ">
   <subfield code="u">http://lrc.tdmu.edu.vn/opac/search/detail.asp?aID=2&amp;ID=37802</subfield>
  </datafield>
  <datafield tag="980" ind1=" " ind2=" ">
   <subfield code="a">Trung tâm Học liệu Trường Đại học Thủ Dầu Một</subfield>
  </datafield>
 </record>
</collection>
